Zmeny v príspevkoch na podporu zamestnanosti
Príspevok na podporu regionálnej a miestnej zamestnanosti. Príspevok poskytnutý zamestnávateľovi. Podmienky poskytnutia príspevku. Poskytovateľom je úrad práce, sociálnych vecí a rodiny. Údaje o dlhodobo nezamestnaných občanoch. Organizovanie menších obecných služieb. Dohoda o podmienkach vykonávani...
Saved in:
| Main Author: | |
|---|---|
| Format: | Book Chapter |
| Language: | Slovak |
| Subjects: | |
| Tags: |
No Tags, Be the first to tag this record!
|
MARC
| LEADER | 00000naa$a2200000$$$4500 | ||
|---|---|---|---|
| 001 | 0113061 | ||
| 005 | 20231120114259.0 | ||
| 041 | 0 | |a slo | |
| 044 | |a SK | ||
| 245 | 1 | 0 | |a Zmeny v príspevkoch na podporu zamestnanosti |c Zuzana Cingelová |
| 520 | |a Príspevok na podporu regionálnej a miestnej zamestnanosti. Príspevok poskytnutý zamestnávateľovi. Podmienky poskytnutia príspevku. Poskytovateľom je úrad práce, sociálnych vecí a rodiny. Údaje o dlhodobo nezamestnaných občanoch. Organizovanie menších obecných služieb. Dohoda o podmienkach vykonávania menších obecných služieb. | ||
| 610 | 2 | 0 | |a zamestnanosť |
| 610 | 2 | 0 | |a podpory |
| 610 | 2 | 0 | |a príspevky sociálne |
| 610 | 2 | 0 | |a obce |
| 610 | 2 | 0 | |a služby |
| 610 | 2 | 0 | |a regióny |
| 610 | 2 | 0 | |a nezamestnanosť dlhodobá |
| 100 | 1 | |a Cingelová, Zuzana | |